Animales que comienzan con J - Estadísticas

Estadísticas generales
  • Esta prueba ha sido intentada 62 veces
  • La puntuación promedio es 4 de 7
Estadísticas de respuestas
Imagen Respuesta % Correcto
Jabalí
100%
Jirafa
100%
Jaguar
98%
Jilguero
70%
Jerbo
30%
Junco
9%
Jacana
4%
No se encontraron pruebas coincidentes
Distribución de puntuación
Porcentaje de gente con cada puntuación
Porcentaje por número respondido
Historial de tus puntuaciones
No has intentado esta prueba.